| 000 | 00778nam a2200253 i 4500 | ||
|---|---|---|---|
| 001 | bg | ||
| 100 | 1 |
_aSTINSON, Craig _d(1943- ) |
|
| 245 | 1 | 0 |
_aArkana Windows 95 : _bwersja polska / _cCraig Stinson ; [oprac. wersji pol. Tomasz Pokora, Krzysztof Banaszek]. |
| 246 |
_iTyt. oryg.: _aRunning Microsoft Windows 95 |
||
| 260 |
_aWarszawa : _b"RM", _c1996. |
||
| 300 |
_aXLV, [1], 777 s. ; _c24 cm. |
||
| 500 | _aTyt. oryg.: "Running Microsoft Windows 95". | ||
| 650 | 9 | _aWindows 95 | |
| 655 | _aPodręczniki | ||
| 700 | 1 |
_aPOKORA, Tomasz. _eOprac. |
|
| 700 | 1 | _aBANASZEK, Krzysztof | |
| 020 | _a8372470215 | ||
| 040 | _cBPK | ||
| 041 | 1 |
_apl _hen |
|
| 080 | _a004.451(07)Windows | ||
| 920 | _a83-7247-021-5 | ||
| 942 | _cKS | ||
| 008 | s pl f |000 0 pol | ||
| 999 |
_c36983 _d36983 |
||
| 856 |
_uhttp://koha.tu.koszalin.pl/cgi-bin/koha/opac-detail.pl?biblionumber=36983 _yKatalog online BPK |
||